• 首页
  • 本馆介绍
  • 公告通知
  • 最新文献
  • 馆藏检索
  • 电子资源
  • 读者导购
  • 参考咨询
  • 我的图书馆
  • 登录
  • 详细信息显示
  • 放入我的书架
  • 预约/预借图书
  • 作者相关作品
  • 分类相关作品
  • 丛书相关作品
  • 出版社相关作品

书目信息

  • 表格格式
  • 工作单格式
  • 卡片格式
题名:
“双创”发展评价指标体系构建及应用评估研究
    
 
作者: 许珂 著
分册:  
出版信息: 南京   东南大学出版社  2019.12
页数: 207页
开本: 24cm
丛书名:
单 册:
中图分类: F249.214
科图分类:
主题词: 创业--chuang ye--评价指标--研究--中国
电子资源:
ISBN: 978-7-5641-8771-2
000 01304nam0 2200253 450
001 2133103641
005 20211025190356.0
010    @a978-7-5641-8771-2@dCNY45.00
100    @a20200104d2019 em y0chiy0120 ea
101 0  @achi
102    @aCN@b320000
105    @aak a 000yy
106    @ar
200 1  @a“双创”发展评价指标体系构建及应用评估研究@Ashuang chuang fa zhan ping jia zhi biao ti xi gou jian ji ying yong ping gu yan jiu@f许珂著
210    @a南京@c东南大学出版社@d2019.12
215    @a207页@c图@d24cm
300    @a本书为2018年度全国统计科学研究项目一般项目和2019年江苏省大学生创新创业训练计划一般项目研究成果
320    @a有书目 (第201-207页)
330    @a自李克强总理在2014年9月夏季达沃斯论坛上首次提出“大众创业,万众创新”(简称“双创”)以来,我国形成了新一波创业创新浪潮。“双创”具有鲜明的时代特征和重大的现实意义,符合国情民意,对于推动经济结构调整、打造发展新引擎、增强发展新动力、走创新驱动发展道路具有重要意义。本书主要在借鉴国内外创新、创业相关指数构建和评价方法的基础上,设计“双创”发展评价指标体系,通过定量分析较为全面评估我国各地区的“双创”发展情况,为政策制定者提供有价值的参考依据。
606 0  @a创业@Achuang ye@x评价指标@x研究@y中国
690    @aF249.214@v5
701  0 @a许珂@Axu ke@4著
801  0 @aCN@b百万庄@c20211025
905    @b1312065-68@dF249.214@e178@f4
    
    “双创”发展评价指标体系构建及应用评估研究/许珂著.-南京:东南大学出版社,2019.12
    207页:图;24cm
    本书为2018年度全国统计科学研究项目一般项目和2019年江苏省大学生创新创业训练计划一般项目研究成果
    
    ISBN 978-7-5641-8771-2:CNY45.00
    自李克强总理在2014年9月夏季达沃斯论坛上首次提出“大众创业,万众创新”(简称“双创”)以来,我国形成了新一波创业创新浪潮。“双创”具有鲜明的时代特征和重大的现实意义,符合国情民意,对于推动经济结构调整、打造发展新引擎、增强发展新动力、走创新驱动发展道路具有重要意义。本书主要在借鉴国内外创新、创业相关指数构建和评价方法的基础上,设计“双创”发展评价指标体系,通过定量分析较为全面评估我国各地区的“双创”发展情况,为政策制定者提供有价值的参考依据。
●
相关链接 在E读中查询图书 在五车中查询图书 在当当中查询图书 在豆瓣中查询图书


正题名:"双创"发展评价指标体系构建及应用评估研究     索取号:F249.214/178         预约/预借

序号 登录号 条形码 馆藏地/架位号 状态 备注
1 1312065   213120656   第一样本阅览室/ [索取号:F249.214/178] 在馆    
2 1312066   213120665   第一借阅区/ [索取号:F249.214/178] 在馆    
3 1312067   213120674   第一借阅区/ [索取号:F249.214/178] 在馆    
4 1312068   213120683   第一借阅区/ [索取号:F249.214/178] 在馆    
唐山师范学院图书馆 欢迎您!
大连网信软件有限公司© 版权所有